Философские, социологические и психолого-педагогические проблемы современного образования. Вып. 6 (Запись № 13365465)

Подробности
000 -МАРКЕР
контрольное поле 03186nam2a2200277 4500
001 - ИДЕНТИФИКАТОР ЗАПИСИ
контрольное поле RU\NLR\BIBL_A\022464513
005 - ИДЕНТИФИКАТОР ВЕРСИИ
контрольное поле 20250321135146.0
021 ## - НОМЕР ГОСУДАРСТВЕННОЙ РЕГИСТРАЦИИ
Код страны Российская Федерация
Номер КН-П-24-083177
Номер Листа государственной регистраци КН-П-24-8289
035 ## - ДРУГИЕ СИСТЕМНЫЕ НОМЕРА
Идентификатор записи (NLR Aleph) 022464513
100 ## - ДАННЫЕ ОБЩЕЙ ОБРАБОТКИ
Данные общей обработки 20250220d2024 u y0rusy50 ca
101 0# - ЯЗЫК РЕСУРСА
Язык текста, звукозаписи и т.д. русский
Язык резюме английский
102 ## - СТРАНА ПУБЛИКАЦИИ ИЛИ ПРОИЗВОДСТВА
Страна публикации Российская Федерация
105 ## - ПОЛЕ КОДИРОВАННЫХ ДАННЫХ: ТЕКСТОВЫЕ МАТЕРИАЛЫ, МОНОГРАФИЧЕСКИЕ
Кодированные данные о монографическом текстовом документе a z 100yy
200 0# - ЗАГЛАВИЕ И СВЕДЕНИЯ ОБ ОТВЕТСТВЕННОСТИ
Основное заглавие Вып. 6
Сведения, относящиеся к заглавию материалы VI Всероссийской научно-практической конференции "Философские, социологические и психолого-педагогические проблемы современного образования", г. Барнаул, 22–23 ноября 2024 г.
Первые сведения об ответственности под научной редакцией В. А. Скопы
210 ## - ПУБЛИКАЦИЯ, РАСПРОСТРАНЕНИЕ И ДР.
Дата издания, распространения и т.д. 2024
215 ## - ФИЗИЧЕСКАЯ ХАРАКТЕРИСТИКА
Специфическое обозначение материала и объем 237 с.
Другие сведения о физической характеристике ил., цв. ил., табл.
300 ## - ОБЩИЕ ПРИМЕЧАНИЯ
Текст примечания Рез. англ.
320 ## - ПРИМЕЧАНИЯ О НАЛИЧИИ В ДОКУМЕНТЕ БИБЛИОГРАФИИ / УКАЗАТЕЛЯ
Текст примечания Библиогр. в конце ст.
461 #0 - УРОВЕНЬ НАБОРА
Встроенное поле 001RU\NLR\BIBL_A\012544283
-- 2001#$aФилософские, социологические и психолого-педагогические проблемы современного образования$eматериалы всероссийской (с международным участием) научно-практической конференции, г. Барнаул, 20-21 ноября 2020 г.$fМинистерство просвещения Российской Федерации, Федеральное государственное бюджетное образовательное учреждение высшего образования "Алтайский государственный педагогический университет" (ФГБОУ ВО "АлтГПУ")$gпод научной редакцией С.А. Ан$vВып. 6
Системный номер (АБИС) связанной записи 12409902
Место публикации Барнаул
Дата публикации 2020
Первые сведения об ответственности Министерство просвещения Российской Федерации, Федеральное государственное бюджетное образовательное учреждение высшего образования "Алтайский государственный педагогический университет" (ФГБОУ ВО "АлтГПУ")
Имя издателя, распространителя и т.д. ФГБОУ ВО "АлтГПУ"
Сведения, относящиеся к заглавию материалы всероссийской (с международным участием) научно-практической конференции, г. Барнаул, 20-21 ноября 2020 г.
Заглавие Философские, социологические и психолого-педагогические проблемы современного образования
Номер тома Вып. 6
711 12 - НАИМЕНОВАНИЕ ОРГАНИЗАЦИИ - АЛЬТЕРНАТИВНАЯ ОТВЕТСТВЕННОСТЬ
Начальный элемент ввода "Философские, социологические и психолого-педагогические проблемы современного образования", всероссийская научно-практическая конференция
Порядковый номер временной организации и / или порядковый номер ее части 6
Место проведения временной организации Барнаул
Дата проведения временной организации 2024
Системный номер авторитетной/нормативной записи 2656325
Идентификатор авторитетной/нормативной записи RU\NLR\AUTH\880623957
942 ## - ДОПОЛНИТЕЛЬНЫЕ ЭЛЕМЕНТЫ ЗАПИСИ (АБИС)
Тип экземпляра АБИС Книга
980 ## - КОЛЛЕКЦИЯ
Название коллекции Национальная библиография
Экземпляры
Тип экземпляра Дата поступления Источник поступления Библиотека постоянного хранения Библиотека текущего хранения Место хранения Шифр хранения Штрих-код Статус экземпляра
Книга 20.02.2025 Обязательный экземпляр РНБ (Московский) РНБ (Московский) Русский книжный фонд: издания с 1957 года 2021-8/1809 1-4844087  
Книга 20.02.2025 Обязательный экземпляр РНБ (Московский) РНБ (Московский) Русский книжный фонд: издания с 1957 года 2021-8/1809 1-4844088